Is Unstructured Socializing a dynamic process? An exploratory analysis using a semiparametric group-based modeling approach

Guardado en:  
Detalles Bibliográficos
Autores principales: Higgins, George E. (Autor) ; Jennings, Wesley G. (Autor)
Tipo de documento: Electrónico Artículo
Lenguaje:Inglés
Publicado: 2010
En: Criminal justice review
Año: 2010, Volumen: 35, Número: 4, Páginas: 514-532
Acceso en línea: Volltext (lizenzpflichtig)
Verificar disponibilidad: HBZ Gateway

MARC

LEADER 00000caa a22000002c 4500
001 1912599821
003 DE-627
005 20250122055010.0
007 cr uuu---uuuuu
008 241217s2010 xx |||||o 00| ||eng c
024 7 |a 10.1177/0734016810377351  |2 doi 
035 |a (DE-627)1912599821 
035 |a (DE-599)KXP1912599821 
040 |a DE-627  |b ger  |c DE-627  |e rda 
041 |a eng 
084 |a 2,1  |2 ssgn 
100 1 |a Higgins, George E.  |e VerfasserIn  |4 aut 
109 |a Higgins, George E. 
245 1 0 |a Is Unstructured Socializing a dynamic process? An exploratory analysis using a semiparametric group-based modeling approach 
264 1 |c 2010 
336 |a Text  |b txt  |2 rdacontent 
337 |a Computermedien  |b c  |2 rdamedia 
338 |a Online-Ressource  |b cr  |2 rdacarrier 
700 1 |a Jennings, Wesley G.  |e VerfasserIn  |0 (DE-588)1065933401  |0 (DE-627)816949263  |0 (DE-576)323834345  |4 aut 
773 0 8 |i Enthalten in  |t Criminal justice review  |d Thousand Oaks, Calif. [u.a.] : Sage, 1976  |g 35(2010), 4, Seite 514-532  |h Online-Ressource  |w (DE-627)486722937  |w (DE-600)2187435-9  |w (DE-576)263021661  |x 1556-3839  |7 nnas 
773 1 8 |g volume:35  |g year:2010  |g number:4  |g pages:514-532 
787 0 8 |i Forschungsdaten  |a Esbensen, Finn-Aage  |t Evaluation of the Gang Resistance Education and Training (GREAT) Program in the United States, 1995-1999  |d [Erscheinungsort nicht ermittelbar] : [Verlag nicht ermittelbar], 2002  |w (DE-627)1840045493 
856 4 0 |u https://doi.org/10.1177/0734016810377351  |x Resolving-System  |z lizenzpflichtig  |3 Volltext  |7 1 
935 |a mkri 
951 |a AR 
ELC |a 1 
LOK |0 000 xxxxxcx a22 zn 4500 
LOK |0 001 4637565340 
LOK |0 003 DE-627 
LOK |0 004 1912599821 
LOK |0 005 20241217044628 
LOK |0 008 241217||||||||||||||||ger||||||| 
LOK |0 035   |a (DE-2619)ICPSR90956 
LOK |0 040   |a DE-2619  |c DE-627  |d DE-2619 
LOK |0 092   |o n 
LOK |0 852   |a DE-2619 
LOK |0 852 1  |9 00 
LOK |0 935   |a nacp 
LOK |0 939   |a 17-12-24  |b l01 
ORI |a SA-MARC-krimdoka001.raw